[Event "Treviso op-C 1st"]
[Site "Treviso"]
[Date "2017.03.18"]
[Round "3.2"]
[White "Marcucci, Michele"]
[Black "Canel, Paolo"]
[Result "1-0"]
[WhiteElo "1694"]
[BlackElo "1643"]
[PlyCount "81"]
[EventDate "2017.03.17"]
[EventType "swiss"]
[EventRounds "5"]
[EventCountry "ITA"]
[SourceTitle "EXT 2024"]
[Source "ChessBase"]
[SourceDate "2023.10.10"]
[SourceVersion "1"]
[SourceVersionDate "2023.10.10"]
[SourceQuality "1"]

1. d4 d5 2. c4 e6 3. Nc3 Nf6 4. Bg5 Be7 5. e3 Nbd7 6. Nf3 0-0 7. Rc1 c6 8. Bd3 dxc4 9. Bxc4 Nd5 10. Bxe7 Qxe7 11. 0-0 Nxc3 12. Rxc3 e5 13. dxe5 Nxe5 14. Nxe5 Qxe5 15. f4 Qe7 16. Qh5 Be6 17. Qe5 Rfe8 18. Bxe6 Qxe6 19. Qxe6 Rxe6 20. Rd1 Kf8 21. Rd7 Re7 22. Rcd3 Ke8 23. R7d6 c5 24. Kf2 b6 25. g4 f6 26. h4 Kf7 27. g5 fxg5 28. hxg5 Rae8 29. Kf3 Re6 30. Rd7+ R6e7 31. e4 g6 32. Kg4 Rxd7 33. Rxd7+ Re7 34. Rxe7+ Kxe7 35. f5 b5 36. Kf4 c4 37. Ke5 Kf7 38. Kd5 gxf5 39. exf5 a6 40. a3 a5 41. Kc5 1-0

[Event "Treviso op-C 1st"]
[Site "Treviso"]
[Date "2017.03.17"]
[Round "1.6"]
[White "Marcucci, Michele"]
[Black "Verdelli, Benjamin"]
[Result "1-0"]
[WhiteElo "1694"]
[BlackElo "1562"]
[PlyCount "113"]
[EventDate "2017.03.17"]
[EventType "swiss"]
[EventRounds "5"]
[EventCountry "ITA"]
[SourceTitle "EXT 2024"]
[Source "ChessBase"]
[SourceDate "2023.10.10"]
[SourceVersion "1"]
[SourceVersionDate "2023.10.10"]
[SourceQuality "1"]

1. d4 d5 2. c4 c6 3. Nc3 Nf6 4. Bg5 Nbd7 5. e3 Qa5 6. Nf3 Ne4 7. Qc2 Nb6 8. c5 Na4 9. Qxa4 Qxa4 10. Nxa4 Bf5 11. Be2 0-0-0 12. Bf4 Re8 13. 0-0 f6 14. Rfd1 h5 15. h4 Bg4 16. Kf1 Rg8 17. Nd2 Bxe2+ 18. Kxe2 Nxd2 19. Rxd2 e5 20. dxe5 fxe5 21. Bg5 Kc7 22. b4 Be7 23. Bxe7 Rxe7 24. Rb1 a6 25. Nc3 Rd8 26. a4 Red7 27. Rbd1 Rf7 28. f3 Re7 29. Ne4 Rb8 30. Nc3 Rd8 31. Rb2 Red7 32. g3 g6 33. Rbd2 Rf7 34. Ne4 Rb8 35. Nd6 Re7 36. Rb1 b6 37. Rdb2 Rd7 38. a5 b5 39. Rg1 Rh8 40. Kd3 Rf8 41. Rf2 Rh7 42. f4 e4+ 43. Kd4 Kd7 44. Rgf1 Rg7 45. f5 g5 46. f6 Rg6 47. f7 gxh4 48. gxh4 Rg4 49. Rf4 Rg2 50. Rf5 Rd2+ 51. Kc3 Rd3+ 52. Kc2 Rxe3 53. Rg5 Rh3 54. Rg8 Rh2+ 55. Kd1 Rxf7 56. Rxf7+ Ke6 57. Re8# 1-0